00519nam a2200205 a 4500001001300000003000900013005001700022008004100039020000800080082001300088100001900101245003300120260004200153300000900195500003500204505001000239650002400249650002100273700001900294nice12345678IN_TiNIC20260116011618.0050524s1968 oxfa grp 000 0 eng  ac000a276bBAR aBarrett, David aSchism and Renewal in Africa aOxfordbOxford University Pressc1968 a363p aincludes index and biblioraphy2 aIndex aChristianity-Africa aNew Age Movement1 aBarrett, David